[Event "Brasilia op"]
[Site "Brasilia"]
[Date "2025.01.11"]
[Round "7"]
[White "Alvares, Pedro Oliveira"]
[Black "De Oliveira, Felipe Piacente"]
[Result "1-0"]
[WhiteElo "2012"]
[BlackElo "1706"]
[PlyCount "63"]
[EventDate "2025.01.07"]
[EventType "swiss"]
[EventRounds "9"]
[EventCountry "BRA"]
[SourceTitle "CB12_2025"]
[SourceDate "2025.03.19"]
[SourceVersion "1"]
[SourceVersionDate "2025.03.19"]
[SourceQuality "1"]

1. e4 c5 2. Nf3 e6 3. d4 cxd4 4. Nxd4 a6 5. Nc3 Qc7 6. Bd3 Bc5 7. Nb3 Be7 8. Be3 d6 9. 0-0 b5 10. a4 b4 11. Ne2 Nf6 12. a5 Nbd7 13. c3 d5 14. f3 dxe4 15. fxe4 Bb7 16. Rc1 Qb8 17. Ng3 h5 18. cxb4 Bxb4 19. Bf4 Qa7+ 20. Kh1 h4 21. Ne2 Nxe4 22. Bxe4 Bxe4 23. Rc7 Qxc7 24. Bxc7 h3 25. Nf4 Rc8 26. Qd4 hxg2+ 27. Nxg2 Bd5 28. Qxb4 Rxc7 29. Rc1 Bc6 30. Kg1 Rb7 31. Qd6 Nb8 32. Rxc6 1-0

[Event "Brasilia op"]
[Site "Brasilia"]
[Date "2025.01.10"]
[Round "5"]
[White "Alvares, Pedro Oliveira"]
[Black "Valle, Adriano"]
[Result "0-1"]
[WhiteElo "2012"]
[BlackElo "2238"]
[PlyCount "100"]
[EventDate "2025.01.07"]
[EventType "swiss"]
[EventRounds "9"]
[EventCountry "BRA"]
[SourceTitle "CB12_2025"]
[SourceDate "2025.03.19"]
[SourceVersion "1"]
[SourceVersionDate "2025.03.19"]
[SourceQuality "1"]

1. e4 c5 2. Nf3 e6 3. d4 cxd4 4. Nxd4 a6 5. Nc3 Qc7 6. Bd3 Nf6 7. 0-0 Be7 8. Be3 0-0 9. f4 d6 10. g4 Nc6 11. g5 Nd7 12. Qh5 g6 13. Qh6 Re8 14. Rf3 Bf8 15. Qh4 Bg7 16. Nxc6 Qxc6 17. Raf1 b5 18. f5 exf5 19. exf5 Bb7 20. Bd4 Ne5 21. Bxe5 Rxe5 22. Qf4 Rf8 23. Ne2 Qc5+ 24. R3f2 Rxe2 25. Bxe2 Bxb2 26. Bf3 Bxf3 27. Qxf3 Bd4 28. Kg2 Bxf2 29. Rxf2 Qc4 30. fxg6 hxg6 31. Qb3 Qg4+ 32. Qg3 Qxg3+ 33. Kxg3 Rc8 34. Rd2 Rc6 35. h4 Kf8 36. Re2 Rc5 37. Kf4 Rc4+ 38. Kg3 Rc5 39. Kf4 Rf5+ 40. Kg4 Re5 41. Rd2 Ke7 42. Rd3 a5 43. Rb3 Ke6 44. Kf4 a4 45. Rb2 Rc5 46. Kg3 d5 47. Kf4 Rc4+ 48. Ke3 b4 49. a3 bxa3 50. Ra2 Rxh4 0-1

[Event "Brasilia op"]
[Site "Brasilia"]
[Date "2025.01.09"]
[Round "4"]
[White "Pinto, Guilherme Cancelier"]
[Black "Alvares, Pedro Oliveira"]
[Result "0-1"]
[WhiteElo "1784"]
[BlackElo "2012"]
[PlyCount "86"]
[EventDate "2025.01.07"]
[EventType "swiss"]
[EventRounds "9"]
[EventCountry "BRA"]
[SourceTitle "CB12_2025"]
[SourceDate "2025.03.19"]
[SourceVersion "1"]
[SourceVersionDate "2025.03.19"]
[SourceQuality "1"]

1. d4 Nf6 2. c4 g6 3. Nc3 Bg7 4. e4 d6 5. Nf3 0-0 6. Be2 e5 7. dxe5 dxe5 8. Bg5 Qe8 9. 0-0 c6 10. Qc2 Be6 11. Be3 Nbd7 12. Rfe1 Ng4 13. Bc1 f5 14. Ng5 f4 15. Nxe6 Qxe6 16. Bxg4 Qxg4 17. f3 Qh4 18. Qf2 Qxf2+ 19. Kxf2 Rfd8 20. Rd1 Nc5 21. Rxd8+ Rxd8 22. Ke2 Ne6 23. Bd2 Nd4+ 24. Kd1 Bf8 25. Rc1 Bb4 26. Ke1 Kf7 27. Rd1 Ke6 28. a3 Nc2+ 29. Ke2 Bxc3 30. Bxc3 Rxd1 31. Kxd1 Ne3+ 32. Ke2 Nxg2 33. Bd2 g5 34. c5 h5 35. h3 Nh4 36. Ba5 Kd7 37. a4 Ng6 38. b4 a6 39. b5 axb5 40. axb5 cxb5 41. Kd3 Ne7 42. Bc3 Nc6 43. Be1 Nd4 0-1